000 01359pam a2200361 a 4500
999 _c3163
_d3163
001 4905955
003 OSt
005 20210826094030.0
008 940504s1995 enka b 001 0 eng c
010 _a 94017602
020 _a0632025476
040 _aDNLM/DLC
_cDLC
_dDLC
050 0 0 _aRG101
_b.D557 1995
060 0 0 _aWP 100 D5192 1992
082 0 0 _a618
_220
245 0 0 _aDewhurst's textbook of obstetrics and gynaecology for postgraduates.
250 _a5th ed.
_b/edited by Charles R. Whitfield.
260 _aOxford ;
_aCambridge, Mass., USA ;
_bBlackwell Science,
_c1995.
300 _axi, 814 p. :
_bill. ;
_c29 cm.
500 _aRev. ed. of: Integrated obstetrics and gynaecology for postgraduates / edited by C.J. Dewhurst. 2nd ed. 1976.
504 _aIncludes bibliographical references and index.
650 0 _aGynecology.
650 0 _aObstetrics.
650 2 _aGenital Diseases, Female.
650 2 _aObstetrics.
700 1 _aWhitfield, C. R.
700 1 _aDewhurst, John,
_cSir,
_d1920-
730 0 _aIntegrated obstetrics and gynaecology for postgraduates.
740 0 _aTextbook of obstetrics and gynaecology for postgraduates.
906 _a7
_bcbc
_corignew
_d1
_eocip
_f19
_gy-gencatlg
942 _2lcc
_cBK
_nDO